[Event "Wch U20 Girls"]
[Site "Buenos Aires"]
[Date "1993.??.??"]
[Round "?"]
[White "Johansson, Victoria"]
[Black "Holoubkova, Martina"]
[Result "0-1"]
[WhiteElo "2155"]
[BlackElo "2235"]

1.d4 Nf6 2.c4 g6 3.Nc3 Bg7 4.e4 d6 5.Nf3 O-O 6.Be2 e5 7.O-O Nc6 8.d5 Ne7
9.Nd2 a5 10.Rb1 Nd7 11.a3 f5 12.b4 Kh8 13.Qc2 axb4 14.axb4 Ng8 15.exf5 gxf5
16.f4 Ndf6 17.Nf3 Ne4 18.Bb2 exf4 19.Nxe4 fxe4 20.Bxg7+ Kxg7 21.Qxe4 Bf5
22.Qd4+ Qf6 23.Rbe1 Bd7 24.Qd2 Ne7 25.Bd3 Ng6 26.Bxg6 hxg6 27.Nd4 g5 28.Ne6+ Bxe6
29.Rxe6 Qf5 30.Rfe1 Rf7 31.Qb2+ Kh7 32.Qe2 g4 33.Qf2 Qg5 34.Qc2+ Kg7 35.Qb2+ Kg8
36.Re8+ Rxe8 37.Rxe8+ Rf8 38.Rxf8+ Kxf8 39.Qh8+ Kf7 40.h4 Qf5 41.Qb2 Qd3
42.Qc1 Qd4+ 43.Kf1 Kf6 44.Qc2 g3 45.h5 Kg5 46.c5 dxc5 47.bxc5 Qxd5 48.Ke1 Qe5+
49.Kf1 Kxh5 50.Qh7+ Kg5 51.Qg8+ Kf6 52.Qf8+ Kg6 53.Qg8+ Qg7 54.Qe8+ Kh6 55.Qe4 Qa1+
56.Ke2 Qb2+ 57.Kf3 Qf2+ 58.Kg4 Qxc5 59.Qxf4+ Kg7 60.Qxg3 b5 61.Kh4+ Kf6 62.Qf3+ Ke7
63.g4 Qc4 64.Qe3+ Kd7 65.Qe5 b4 66.Qf5+ Kc6 67.Qf3+ Kb6 68.Kh5 Qc2 69.Qf5 Qc5
70.Kh6 Qxf5 71.gxf5 b3 72.f6 b2 73.f7 b1=Q 74.f8=Q Qc1+ 75.Kh7 Qc2+ 76.Kg7 Qc3+
77.Kh7 Qd3+ 78.Kg8 Qd5+ 79.Kh7 c5 80.Qf6+ Kc7 81.Qf1 c4 82.Qf4+ Kc6 83.Qf8 Qd3+
84.Kg8 Qg3+ 85.Kh7 Qh3+ 86.Kg8 c3 87.Qa8+ Kc5 88.Qa7+ Kd5 89.Qb7+ Kd4 90.Qb6+ Kd3
91.Qd6+ Ke2 92.Qc6 Kf1 93.Qc4+ Kg1 94.Qc5+ Kh1 95.Kf8 Qf3+ 96.Ke7 Qe4+ 97.Kf8 c2
98.Qh5+ Kg2 99.Qg5+ Kf3 100.Qh5+ Kf2 101.Qh2+ Qg2 102.Qh6 Qf1  0-1

[Event "Buenos Aires JMB op"]
[Site "Buenos Aires"]
[Date "1993.??.??"]
[Round "4"]
[White "Valle, Adriano"]
[Black "Minzer, Claudio Javier"]
[Result "0-1"]
[WhiteElo "2220"]
[BlackElo "2315"]

1.c4 g6 2.Nc3 Bg7 3.Nf3 d6 4.d4 Nf6 5.e4 O-O 6.Be2 e5 7.O-O Nc6 8.dxe5 Nxe5
9.Nxe5 dxe5 10.Bg5 c6 11.Qxd8 Rxd8 12.Rfd1 Be6 13.f3 Rd7 14.Rxd7 Nxd7 15.Rd1 Bf8
16.Be3 f5 17.a3 f4 18.Bf2 g5 19.g4 Kf7 20.h4 gxh4 21.Bxh4 Bc5+ 22.Kg2 Bd4
23.Be1 h5 24.b3 Rg8 25.Nb1 hxg4 26.fxg4 Nf6 27.Nd2 Bxg4 28.Bf3 Rh8 29.Bxg4 Nxg4
30.Nf1 Nf6 31.Nd2 Ke6 32.Nf3 Rg8+ 33.Kf1 c5 34.Nd2 Ng4 35.Rb1 Nh2+ 36.Ke2 f3+  0-1

[Event "Buenos Aires FMD tt"]
[Site "Buenos Aires"]
[Date "1993.??.??"]
[Round "4"]
[White "Quiroga, Facundo"]
[Black "Langier, Daniel"]
[Result "0-1"]
[WhiteElo "2340"]
[BlackElo "2355"]

1.d4 Nf6 2.c4 g6 3.Nc3 Bg7 4.e4 d6 5.Nf3 O-O 6.Be2 e5 7.O-O Nc6 8.d5 Ne7
9.Ne1 Nd7 10.Nd3 f5 11.Bd2 Nf6 12.f3 f4 13.c5 g5 14.Rc1 h5 15.Nb5 Ne8 16.Bb4 Ng6
17.a4 Rf7 18.a5 Bf8 19.Nf2 Rg7 20.cxd6 cxd6 21.a6 bxa6 22.Na3 Nf6 23.Rc4 g4
24.fxg4 hxg4 25.Nxg4 Nh4 26.Nxf6+ Qxf6 27.Rf2 Qg5 28.Bf1 Bg4 29.Qd3 Qh5 30.Ba5 Be7
31.Rc7 Kh8 32.Nc2 Rag8 33.Ne1 Rh7 34.h3 Bd1 35.Rxf4 Rhg7 36.Rxe7 Rxe7 37.Rxh4 Qxh4
38.Qxd1 Qxh3 39.Qf3 Qh6 40.Nc2 Reg7 41.Ne3 Rh7 42.Nf5 Qh2+ 43.Kf2 Rf8 44.Bd2 Rc7  0-1

[Event "Buenos Aires FMD op"]
[Site "Buenos Aires"]
[Date "1993.??.??"]
[Round "4"]
[White "Quiroga, Facundo"]
[Black "Seminara, Juan Pablo"]
[Result "1-0"]
[WhiteElo "2340"]
[BlackElo "2185"]

1.d4 Nf6 2.c4 g6 3.Nc3 Bg7 4.e4 d6 5.Nf3 O-O 6.Be2 e5 7.O-O Nc6 8.d5 Ne7
9.Ne1 Nd7 10.f3 f5 11.Bd2 Kh8 12.b4 Ng8 13.Nd3 Bh6 14.c5 Ndf6 15.a4 Bxd2
16.Qxd2 f4 17.a5 h5 18.a6 bxa6 19.Nf2 g5 20.Bxa6 g4 21.Bxc8 Qxc8 22.Ra5 Rf7
23.Rfa1 Rg7 24.Kh1 g3 25.hxg3 fxg3 26.Nh3 Ng4 27.Rxa7 Rxa7 28.Rxa7 Qb8 29.Ra4 Nh2
30.b5 dxc5 31.Ra6 Qc8 32.Re6 Qf8 33.Rxe5 Nf6 34.Rf5 Qe7 35.Qh6+ Nh7 36.Qxh5 c4
37.Re5  1-0

[Event "Calcutta op"]
[Site "Calcutta"]
[Date "1993.??.??"]
[Round "6"]
[White "Murugan, Krishnamoorthy"]
[Black "Thipsay, Praveen Mahadeo"]
[Result "1/2-1/2"]
[WhiteElo "2410"]
[BlackElo "2465"]

1.d4 Nf6 2.c4 g6 3.Nc3 Bg7 4.e4 d6 5.Nf3 O-O 6.Be2 e5 7.O-O Nc6 8.Be3 Ng4
9.Bg5 f6 10.Bc1 Nh6 11.dxe5 dxe5 12.Qd5+ Kh8 13.Be3 Qe8 14.Qd2 Ng8 15.Nd5 Rf7
16.b4 Nd8 17.Rad1 Ne6 18.g3  1/2-1/2

[Event "Calcutta op"]
[Site "Calcutta"]
[Date "1993.??.??"]
[Round "6"]
[White "King, Daniel J"]
[Black "Negi, V S."]
[Result "1/2-1/2"]
[WhiteElo "2500"]
[BlackElo "2280"]

1.c4 Nf6 2.Nc3 g6 3.e4 d6 4.d4 Bg7 5.Nf3 O-O 6.Be2 e5 7.O-O Nc6 8.d5 Ne7
9.b4 Ne8 10.c5 f5 11.Ng5 h6 12.Ne6 Bxe6 13.dxe6 fxe4 14.cxd6 cxd6 15.Nxe4 b6
16.b5 d5 17.Ba3 Nc7 18.Rc1 Nxe6 19.Bxe7 Qxe7 20.Qxd5 Rad8 21.Qb3 Kh7 22.Rfe1 Nd4
23.Qb1 Nxe2+ 24.Rxe2 Rd4 25.Qc2 Rfd8 26.g3 h5 27.h4 Bh6 28.Rce1 Qe6 29.Ng5+ Bxg5
30.Rxe5 Qf7 31.hxg5 R8d7 32.Qc6 R4d6 33.Qa8 Kg7 34.R1e3 Rd5 35.a4 Rxe5 36.Rxe5 Rd2
37.Qg2 Rd1+ 38.Kh2 Rd2  1/2-1/2

[Event "Cannes op"]
[Site "Cannes"]
[Date "1993.??.??"]
[Round "8"]
[White "Cebalo, Miso"]
[Black "Wahls, Matthias"]
[Result "1/2-1/2"]
[WhiteElo "2485"]
[BlackElo "2525"]

1.d4 Nf6 2.Nf3 g6 3.c4 Bg7 4.Nc3 O-O 5.e4 d6 6.Be2 e5 7.O-O Nc6 8.Be3 Re8
9.dxe5 dxe5 10.h3 Nh5 11.Qxd8 Nxd8 12.Nd5 Ne6 13.Ng5 Nhf4 14.Bxf4 Nxf4 15.Rfe1 Nxd5
16.cxd5 Bh6 17.Nf3 Bd7 18.Rad1 a5 19.Nd2 Bf8 20.Rc1 Rec8 21.Nc4 Bg7 22.Rc2 b5
23.Ne3 c5 24.d6 c4 25.Nd5 Rd8 26.a4 Rab8 27.Rd1 bxa4 28.Bxc4 a3 29.b3 a4
30.Ne7+ Kf8 31.Rd3 axb3 32.Bxb3 Rxb3 33.Rxb3 Ba4 34.Rcc3 Bxb3 35.Rxb3 Ra8
36.Rb1 Ke8 37.Nd5 a2 38.Ra1 Kd8 39.Nc3 Ra3 40.Nxa2 Bf8 41.Rb1 Bxd6 42.Rb2 Kd7
43.Kf1 Ke6 44.Rc2 f5 45.Nc3 Bb4 46.exf5+ gxf5 47.Nd1 h5 48.Ke2 e4 49.f3 Ke5
50.Ne3 Ra1 51.f4+ Kxf4 52.Nd5+ Kg3 53.Nxb4 f4 54.Nd5 f3+ 55.gxf3 exf3+ 56.Kd2 f2
57.Rc3+ Kh2 58.Ne3 Re1 59.Rc1 Rxc1 60.Kxc1 Kxh3 61.Kd2 Kh2 62.Ke2 Kg1 63.Nf1 h4
64.Nh2 Kg2  1/2-1/2

[Event "Cannes op"]
[Site "Cannes"]
[Date "1993.??.??"]
[Round "9"]
[White "Sellos, Didier"]
[Black "Lanka, Zigurds"]
[Result "0-1"]
[WhiteElo "2425"]
[BlackElo "2545"]

1.Nf3 Nf6 2.c4 g6 3.Nc3 Bg7 4.e4 d6 5.d4 O-O 6.Be2 e5 7.O-O Nc6 8.d5 Ne7
9.Ne1 Nd7 10.Nd3 f5 11.Bd2 Kh8 12.b4 Nf6 13.f3 h5 14.c5 f4 15.Rc1 g5 16.Nf2 Neg8
17.a4 Nh6 18.h3 a6 19.cxd6 cxd6 20.a5 b5 21.axb6 Qxb6 22.Na4 Qa7 23.Rc6 g4
24.fxg4 hxg4 25.hxg4 Nxe4 26.Nb6 Nxf2 27.Rxf2 Rb8 28.Nxc8 Rbxc8 29.Rxa6 Qd4
30.b5 Nf7 31.Ba5 e4 32.Bb6 Qe5 33.Ra4 Rce8 34.Bd4 Qg5 35.Ra3 Ne5 36.Rh3+ Kg8
37.Kh1 Nd3 38.Rxd3 exd3 39.Qxd3 Re7 40.Bxg7 Rxg7 41.Kg1 Rh7 42.Rf1 Qh4 43.Qg6+ Kh8
44.Bf3 Rh6 45.Qe4 Qf6 46.Qb4 Rb8 47.Be2 Re8 48.Rxf4 Qe5 49.g5 Rh7 50.g6 Rh6
51.Rh4 Kg7 52.Rxh6 Qe3+ 53.Kh2 Qxh6+ 54.Kg3 Rxe2 55.Qc3+ Kxg6 56.Qd3+ Kg5
57.Qd4 Re5 58.b6 Kf6 59.b7 Qe3+  0-1

[Event "Capablanca mem-A"]
[Site "?"]
[Date "1993.??.??"]
[Round "1"]
[White "Gonzalez, JC."]
[Black "Hernandez, Gilberto"]
[Result "0-1"]
[WhiteElo "2460"]
[BlackElo "2505"]

1.d4 Nf6 2.c4 g6 3.Nc3 Bg7 4.e4 d6 5.Nf3 O-O 6.Be2 e5 7.O-O Nc6 8.d5 Ne7
9.a4 a5 10.Ne1 Nd7 11.Nd3 f5 12.f3 f4 13.b3 g5 14.Ba3 Ng6 15.c5 Rf7 16.cxd6 cxd6
17.Nb5 Bf8 18.Nb2 Nf6 19.Nc4 Ne8 20.b4 axb4 21.Bxb4 h5 22.a5 Rg7 23.Nb6 Rb8
24.Na7 Bd7 25.Be1 Nf6 26.Rb1 Be8 27.Kh1 g4 28.fxg4 hxg4 29.Bxg4 Nxe4 30.Be6+ Kh8
31.Rb3 Ng5 32.Bg4 Rh7 33.Qb1 Nh4 34.Bd1 Qf6 35.Bc2 Rh5 36.g3 Ng6 37.Qd1 Rh6
38.Qg4 Rd8 39.Bd2 Bg7 40.Rc3 Bf7 41.Rc7 Ne7 42.gxf4 Nh3 43.Qf3 Nxf4 44.Bxf4 exf4
45.Qxf4 Qxf4 46.Rxf4 Bxd5+ 47.Kg1 Rg8 48.Kf1 Be5 49.Rf2 Bd4 50.Rxe7 Bxf2
51.Kxf2 Rxh2+ 52.Kf1 Rh1+ 53.Ke2 Rg2+ 54.Kd3 Bg8 55.Ba4 Rh3+  0-1

[Event "Capablanca mem-C"]
[Site "?"]
[Date "1993.??.??"]
[Round "10"]
[White "Gonzales, Jorge A"]
[Black "Gonzalez Garcia, Jose"]
[Result "0-1"]
[WhiteElo "2385"]
[BlackElo "2330"]

1.c4 g6 2.Nc3 Bg7 3.d4 Nf6 4.e4 d6 5.Be2 O-O 6.Nf3 e5 7.O-O Nc6 8.d5 Ne7
9.b4 a5 10.bxa5 c5 11.Nd2 Rxa5 12.Nb3 Ra6 13.a4 Nd7 14.a5 f5 15.f3 f4 16.g4 Bf6
17.Bd2 h5 18.gxh5 Kf7 19.hxg6+ Nxg6 20.Kh1 Rh8 21.Rg1 Bh4 22.Be1 Nf6 23.Bf1 Nh5
24.Ne2 Ra8 25.Ra2 Bd7 26.Nbc1 Nf6 27.Nd3 Bxe1 28.Nexf4 Nxf4 29.Nxf4 Bc3 30.Ne6 Bxe6
31.dxe6+ Kxe6 32.Rg7 Rxa5 33.Rag2 Bd4 34.f4 exf4 35.R2g6 Rxh2+ 36.Kxh2 Ra2+
37.Be2 Qh8+ 38.Kg2 f3+ 39.Kxf3 Qh3+ 40.Rg3 Ra3+ 41.Bd3 Qh5+ 42.R3g4 Nxg4
43.Rxg4 Be5  0-1

[Event "Capablanca mem-D"]
[Site "?"]
[Date "1993.??.??"]
[Round "4"]
[White "Otero, Evelio"]
[Black "Boudy, Julio"]
[Result "1/2-1/2"]
[WhiteElo "2365"]
[BlackElo "2325"]

1.c4 Nf6 2.Nf3 g6 3.Nc3 Bg7 4.d4 O-O 5.e4 d6 6.Be2 e5 7.O-O Nc6 8.Be3 Ng4
9.Bg5 f6 10.Bh4 g5 11.Bg3 Nh6 12.dxe5 fxe5 13.h3 Nf7 14.Nd2 Nd4 15.Bg4 Ne6
16.Nd5 Nh6 17.Ne3 Nxg4 18.hxg4 Nf4 19.Nf5 Bf6 20.Re1  1/2-1/2

[Event "Capablanca mem-D"]
[Site "?"]
[Date "1993.??.??"]
[Round "6"]
[White "Otero, Evelio"]
[Black "Leitao, Rafael"]
[Result "1-0"]
[WhiteElo "2365"]
[BlackElo "2360"]

1.c4 Nf6 2.Nf3 g6 3.Nc3 Bg7 4.d4 O-O 5.e4 d6 6.Be2 e5 7.O-O Nc6 8.Be3 Ng4
9.Bg5 f6 10.Bc1 f5 11.d5 Nd4 12.Nxd4 exd4 13.Nb5 Ne5 14.exf5 d3 15.Bxd3 Nxd3
16.Qxd3 Bxf5 17.Qb3 a6 18.Nc3 Bd3 19.Rd1 Qh4 20.Be3 Bxc4 21.Qc2 Be5 22.g3 Qg4
23.Rac1 a5 24.b3 Ba6 25.a4 b6 26.Nb5 Bxb5 27.axb5 Rf7 28.Qc4 Qh3 29.Qe4 Raf8
30.Qg2 Qg4 31.Qf1 Bb2 32.Rc4 Qd7 33.Qe2 Ba3 34.Re4 Re8 35.Rxe8+ Qxe8 36.Qc4 Bc5
37.Bxc5 dxc5 38.Kg2 Qe5 39.Rd2 Kg7 40.h4 Re7 41.Qg4 Kf7 42.Kh2 Qe4 43.Qd1 Rd7
44.Rd3 Qe5 45.Qf3+ Kg7 46.Kg2 Rf7 47.Qd1 Rd7 48.Qd2 Qd6 49.h5 Qe5 50.h6+ Kg8
51.Kg1 Qa1+ 52.Kh2 Qe5 53.Kg2 Qe4+ 54.f3 Qe5 55.g4 Kf7 56.Kh3 g5 57.Re3 Qxd5
58.Qc2 Kf6 59.Qb2+ Qd4 60.Qe2 Qd6 61.Re8 Kf7 62.Re5 Qxh6+ 63.Kg2 Qg6 64.Rf5+ Kg8
65.Qe5 Rd2+ 66.Kf1 Qd6 67.Rxg5+ Kf7 68.Qf5+  1-0

[Event "Cappelle op"]
[Site "Cappelle la Grande"]
[Date "1993.??.??"]
[Round "1"]
[White "Istratescu, Andrei"]
[Black "Safranska, Anda"]
[Result "1-0"]
[WhiteElo "2470"]
[BlackElo "2240"]

1.Nf3 Nf6 2.d4 g6 3.c4 Bg7 4.Nc3 O-O 5.e4 d6 6.Be2 e5 7.O-O Nc6 8.d5 Ne7
9.b4 Nh5 10.g3 f5 11.Ng5 Nf6 12.f3 c6 13.Kg2 h6 14.Ne6 Bxe6 15.dxe6 d5 16.cxd5 cxd5
17.Nxd5 Nfxd5 18.exd5 Qxd5 19.Qxd5 Nxd5 20.Bc4 Ne7 21.Bb2 Rac8 22.Bb3 e4
23.Bxg7 exf3+ 24.Rxf3 Kxg7 25.Rd1 Rc7 26.Rfd3 Kf6 27.Rd7 Rfc8 28.b5 b6 29.h4 g5
30.h5 f4 31.gxf4 gxf4 32.R1d4 Rg8+ 33.Kf2 Rxd7 34.exd7 Rd8 35.Rd6+ Kg5 36.Be6 Kxh5
37.Rc6 a6 38.Rc8 Rxd7 39.Bxd7 Nxc8 40.Bxc8 axb5 41.Kf3 Kg5 42.Ke4 h5 43.a3 h4
44.Kf3 Kf6 45.Kxf4 Ke7 46.Ba6  1-0

[Event "Cappelle op"]
[Site "Cappelle la Grande"]
[Date "1993.??.??"]
[Round "1"]
[White "Kishnev, Sergey"]
[Black "Gislason, Gudmundur"]
[Result "1-0"]
[WhiteElo "2510"]
[BlackElo "2265"]

1.d4 Nf6 2.c4 g6 3.Nc3 Bg7 4.e4 d6 5.Be2 O-O 6.Nf3 e5 7.O-O Nc6 8.d5 Ne7
9.Nd2 a5 10.a3 Ne8 11.Rb1 f5 12.b4 axb4 13.axb4 Nf6 14.Qc2 fxe4 15.Ndxe4 Nf5
16.Bg5 Nd4 17.Qb2 Nxe4 18.Nxe4 Qe8 19.Bd3 Bf5 20.f3 Qa4 21.c5 Qa3 22.Rfd1 Rf7
23.Qxa3 Rxa3 24.cxd6 cxd6 25.Ra1 Rxa1 26.Rxa1 Bf8 27.Ra8 Kg7 28.Bd8 h6 29.Kf2 Bxe4
30.Bxe4 Nb5 31.Rc8 Be7 32.Bd3 Bxd8 33.Rxd8 Nc3 34.Rxd6 e4 35.Bc2 Rc7 36.Bxe4 Nxe4+
37.fxe4 Rc4 38.e5  1-0

[Event "Cappelle op"]
[Site "Cappelle la Grande"]
[Date "1993.??.??"]
[Round "3"]
[White "Solozhenkin, Evgeniy"]
[Black "Kaminski, Marcin"]
[Result "1-0"]
[WhiteElo "2480"]
[BlackElo "2395"]

1.d4 Nf6 2.Nf3 g6 3.c4 Bg7 4.Nc3 O-O 5.e4 d6 6.Be2 e5 7.O-O Nc6 8.d5 Ne7
9.Ne1 Nd7 10.Be3 f5 11.f3 f4 12.Bf2 g5 13.a4 Ng6 14.a5 Rf7 15.c5 Nxc5 16.Bxc5 dxc5
17.a6 b6 18.Bc4 Kh8 19.d6 Rf8 20.Qd5 Bd7 21.dxc7 Qxc7 22.Qb7 Rfc8 23.Nc2 Bc6
24.Qxc7 Rxc7 25.Rfd1 Bf6 26.Rd6 Kg7 27.Bd5 Bxd5 28.Nxd5 Rf7 29.Na3 Be7 30.Rc6 Bf8
31.Nc7 Rb8 32.Ne6+ Kg8 33.Nb5 Rd7 34.Rc7 Re7 35.Rxe7 Nxe7 36.Nxa7 b5 37.Nxb5  1-0

[Event "Cappelle op"]
[Site "Cappelle la Grande"]
[Date "1993.??.??"]
[Round "4"]
[White "Ghitescu, Theodor"]
[Black "Murrey, Jacob"]
[Result "0-1"]
[WhiteElo "2420"]
[BlackElo "2530"]

1.d4 Nf6 2.c4 g6 3.Nc3 Bg7 4.e4 d6 5.Be2 O-O 6.Nf3 e5 7.O-O Nc6 8.d5 Ne7
9.b4 a5 10.bxa5 c6 11.a4 Qxa5 12.Bd2 Qc7 13.Ne1 Nd7 14.Nd3 f5 15.f3 Kh8 16.Be3 Ng8
17.Qb3 Bh6 18.Bf2 Qa5 19.Rfd1 Ngf6 20.Rab1 c5 21.Be1 Qd8 22.Nf2 Ra6 23.Nb5 Nh5
24.g3 Ndf6 25.Bc3 Be3 26.exf5 gxf5 27.Bd2 Bxf2+ 28.Kxf2 f4 29.Rg1 fxg3+ 30.hxg3 Ne4+
31.Ke1 Nexg3  0-1

[Event "Cappelle op"]
[Site "Cappelle la Grande"]
[Date "1993.??.??"]
[Round "4"]
[White "Klarenbeek, Hans"]
[Black "Gofshtein, Leonid D"]
[Result "0-1"]
[WhiteElo "2415"]
[BlackElo "2560"]

1.d4 Nf6 2.c4 g6 3.Nc3 Bg7 4.e4 d6 5.Nf3 O-O 6.Be2 e5 7.O-O Nc6 8.d5 Ne7
9.Ne1 Ne8 10.Nd3 f5 11.Bd2 Nf6 12.f3 h6 13.Rc1 g5 14.exf5 Bxf5 15.Nf2 Ng6
16.g3 Ne7 17.Nce4 Bh7 18.Bd3 Nf5 19.Bc3 Nd7 20.Qe2 Qe7 21.Nd2 h5 22.b4 Kh8
23.Bxf5 Rxf5 24.Nfe4 Raf8 25.a4 Bh6 26.c5 Nf6 27.Nxf6 Qxf6 28.Ne4 Qg6 29.cxd6 cxd6
30.Rce1 g4 31.f4 Kg8 32.Qc4 exf4 33.Qd4 Bg7 34.Qxg7+ Qxg7 35.Bxg7 Kxg7 36.gxf4 Rxd5
37.Ng5 Bg8 38.Re7+ Kg6 39.Ne4 Rd4 40.b5 Bc4 41.f5+ Rxf5 42.Rxf5 Kxf5 43.Ng3+ Kg6
44.Re4 Rxe4 45.Nxe4 d5  0-1

[Event "Cappelle op"]
[Site "Cappelle la Grande"]
[Date "1993.??.??"]
[Round "4"]
[White "Dumitrache, Dragos"]
[Black "Istratescu, Andrei"]
[Result "0-1"]
[WhiteElo "2385"]
[BlackElo "2470"]

1.d4 Nf6 2.c4 g6 3.Nc3 Bg7 4.e4 d6 5.Be2 O-O 6.Nf3 e5 7.O-O Nc6 8.d5 Ne7
9.Ne1 Nd7 10.Be3 f5 11.f3 f4 12.Bf2 g5 13.b4 Nf6 14.c5 Ng6 15.Nd3 h5 16.a4 g4
17.cxd6 cxd6 18.a5 g3 19.hxg3 fxg3 20.Bxg3 h4 21.Bf2 Nh5 22.Be3 Ng3 23.Rf2 h3
24.gxh3 Nf4 25.Nxf4 exf4 26.Bd4 Qg5 27.Kh2 Bxh3 28.Kxh3 Bxd4 29.Qxd4 Kf7  0-1

[Event "Cappelle op"]
[Site "Cappelle la Grande"]
[Date "1993.??.??"]
[Round "5"]
[White "Chuchelov, Vladimir"]
[Black "Kaminski, Marcin"]
[Result "1/2-1/2"]
[WhiteElo "2500"]
[BlackElo "2395"]

1.d4 Nf6 2.Nf3 g6 3.c4 Bg7 4.Nc3 O-O 5.e4 d6 6.Be2 e5 7.O-O Nc6 8.d5 Ne7
9.Nd2 a5 10.a3 Nd7 11.Rb1 f5 12.b4 Nf6 13.c5 axb4 14.axb4 Kh8 15.f3 g5 16.Nc4 f4
17.Ba3 Ne8 18.b5 dxc5 19.Bxc5 b6 20.Bb4 Nd6 21.Bxd6 cxd6 22.Na4 Rb8 23.Qe1 Ng8
24.Qf2 g4 25.fxg4 Nf6 26.Qh4 Nxe4 27.Qxd8 Rxd8 28.Rfc1 Nf6 29.Naxb6 Bxg4
30.Bxg4 Nxg4 31.Re1 Nf6 32.Ra1 Rb7 33.Ra6 Rdb8 34.Rea1 h5 35.Ra8 e4 36.Rxb8+ Rxb8
37.Ra8 Rxa8 38.Nxa8 Ng4 39.Nd2 e3 40.Nf3 e2 41.b6 Bd4+ 42.Kh1 Nf2+ 43.Kg1 Nd3+
44.Kh1 Nc5 45.Nc7 Bf2 46.Ne6 Nb7 47.Nxf4 e1=Q+ 48.Nxe1 Bxe1 49.Nxh5 Bf2 50.g4 Bxb6
51.Kg2 Kh7 52.h4 Bd4 53.Kf3 Nc5 54.g5 Kg6 55.Kg4 Nd3 56.Ng3 Nf2+ 57.Kf3 Bc5
58.Kf4 Nd3+ 59.Kg4 Nf2+ 60.Kf4 Nd3+  1/2-1/2

[Event "Cappelle op"]
[Site "Cappelle la Grande"]
[Date "1993.??.??"]
[Round "5"]
[White "Shneider, Aleksandr"]
[Black "Lane, Gary W"]
[Result "1-0"]
[WhiteElo "2540"]
[BlackElo "2420"]

1.d4 Nf6 2.c4 g6 3.Nc3 Bg7 4.e4 d6 5.Be2 O-O 6.Nf3 e5 7.O-O Nc6 8.d5 Ne7
9.Nd2 a5 10.a3 Nd7 11.Rb1 f5 12.b4 Kh8 13.f3 Ng8 14.Qc2 Bh6 15.Nb5 axb4 16.axb4 Ngf6
17.c5 Ne8 18.exf5 gxf5 19.Nc4 Bxc1 20.Rbxc1 Ndf6 21.f4 e4 22.Ne3 dxc5 23.Qxc5 Rf7
24.Rfd1 Qe7 25.Qd4 Ra4 26.d6 Qf8 27.Nxc7 Nxc7 28.Rxc7 Be6 29.Rxf7 Qxf7 30.d7 Bxd7
31.Nd5  1-0

[Event "Cappelle op"]
[Site "Cappelle la Grande"]
[Date "1993.??.??"]
[Round "8"]
[White "Sula, Zegir"]
[Black "Murrey, Jacob"]
[Result "0-1"]
[WhiteElo "2350"]
[BlackElo "2530"]

1.d4 Nf6 2.c4 g6 3.Nc3 Bg7 4.e4 d6 5.Be2 O-O 6.Nf3 e5 7.O-O Nc6 8.d5 Ne7
9.Nd2 a5 10.a3 Nd7 11.Rb1 f5 12.b4 axb4 13.axb4 c5 14.bxc5 Nxc5 15.f3 Kh8
16.Nb3 b6 17.Nxc5 bxc5 18.Qb3 Ra6 19.Bd2 Ng8 20.Ra1 Rxa1 21.Rxa1 Bh6 22.Qb2 fxe4
23.Nxe4 Bf5 24.Bxh6 Nxh6 25.Qd2 Nf7 26.Nc3 Qh4 27.g3 Qd4+ 28.Qxd4 exd4 29.Nb5 d3
30.Bd1 Bd7 31.Na3 Ng5 32.f4 Ne4 33.Nb1 Rb8 34.Bf3 d2 35.g4 Kg8 36.Bd1 Ba4
37.Na3 Rb4 38.h3 Bxd1 39.Rxd1 Ra4 40.Nc2 Rxc4  0-1

[Event "JUG-chT"]
[Site "Cetinje"]
[Date "1993.??.??"]
[Round "?"]
[White "Prudnikova, Svetlana"]
[Black "Matveeva, Svetlana"]
[Result "1-0"]
[WhiteElo "2385"]
[BlackElo "2395"]

1.d4 Nf6 2.c4 g6 3.Nc3 Bg7 4.e4 d6 5.Nf3 O-O 6.Be2 e5 7.O-O Nc6 8.d5 Ne7
9.Nd2 c5 10.dxc6 bxc6 11.Nb3 Be6 12.f4 Qb6+ 13.Kh1 Rad8 14.fxe5 dxe5 15.Qe1 Qb4
16.Bg5 Nd7 17.Nd5 Nxd5 18.cxd5 Qxe1 19.Rfxe1 cxd5 20.Bxd8 Rxd8 21.exd5 Bxd5
22.Rad1 Nb6 23.Bf3 f5 24.Bxd5+ Rxd5 25.Rxd5 Nxd5 26.Rd1 Nb6 27.Nc5 e4 28.b3 Bc3
29.Kg1 Kf7 30.Kf2 Ke7 31.Ke3 Bb4 32.Kd4 Kd6 33.Na4 Nxa4 34.Kc4+ Ke5 35.Kxb4 Nb6
36.Kc5 f4 37.a4 f3 38.gxf3 exf3 39.a5 Nc8 40.Re1+ Kf4 41.Re8  1-0

[Event "JUG-chT"]
[Site "Cetinje"]
[Date "1993.??.??"]
[Round "?"]
[White "Ruban, Vadim"]
[Black "Popovic, Petar"]
[Result "1-0"]
[WhiteElo "2590"]
[BlackElo "2520"]

1.d4 Nf6 2.c4 g6 3.Nc3 Bg7 4.e4 d6 5.Nf3 O-O 6.Be2 e5 7.O-O Nc6 8.d5 Ne7
9.Nd2 a5 10.a3 Nd7 11.Rb1 f5 12.b4 Kh8 13.Qc2 Nf6 14.f3 c6 15.Kh1 axb4 16.axb4 g5
17.exf5 cxd5 18.g4 h6 19.cxd5 Nexd5 20.Nxd5 Nxd5 21.Ne4 Nb6 22.Ng3 Bd7 23.Nh5 Be8
24.Nxg7 Kxg7 25.Rg1 Nd5 26.Bc4 Bf7 27.Bxd5 Bxd5 28.Qd3 Ba2 29.Rb2 Qf6 30.h4 gxh4
31.Rh2 d5 32.Qe3 d4 33.Qe4 Rad8 34.Rxa2  1-0

[Event "JUG-chT"]
[Site "Cetinje"]
[Date "1993.??.??"]
[Round "?"]
[White "Maksimovic, Branimir"]
[Black "Kupreichik, Viktor D"]
[Result "0-1"]
[WhiteElo "2370"]
[BlackElo "2535"]

1.d4 Nf6 2.c4 g6 3.Nc3 Bg7 4.e4 d6 5.Be2 O-O 6.Nf3 e5 7.O-O Nc6 8.d5 Ne7
9.Ne1 Ne8 10.Nd3 f5 11.f3 h5 12.c5 Kh7 13.cxd6 cxd6 14.Nf2 f4 15.Bd2 g5 16.Rc1 Ng8
17.a4 Nh6 18.Nb5 Rg8 19.h3 Bf8 20.a5 Bd7 21.Rc3 Rg7 22.b4 a6 23.Na3 Rc8 24.Nc4 Bb5
25.Qb3 Nf6 26.Rfc1 Rcc7 27.Qd1 Kg8 28.Be1 Qe8 29.Nb6 Rxc3 30.Rxc3 g4 31.fxg4 hxg4
32.Nxg4 Nhxg4 33.Bxg4 Nxg4 34.hxg4 Qg6 35.Qf3 Rh7 36.Bd2 Qh6 37.Qh3 Qg7 38.Qf3 Qh8
39.Nc4 Rh1+ 40.Kf2 Qh2 41.g5 Qg1+ 42.Ke2 Qd4 43.Qd3 Bxc4 44.Qxc4 f3+ 45.Kxf3 Qxd2
46.Re3 Qd1+ 47.Qe2 Qc1 48.Kg4 Be7 49.Qf3 Kg7 50.g3 Rf1 51.Qe2 Qc8+  0-1

[Event "JUG-chT"]
[Site "Cetinje"]
[Date "1993.??.??"]
[Round "?"]
[White "Milanovic, Danilo"]
[Black "Brenjo, Slavisa"]
[Result "1-0"]
[WhiteElo "2325"]
[BlackElo "2425"]

1.d4 Nf6 2.c4 g6 3.Nc3 Bg7 4.e4 d6 5.Be2 O-O 6.Nf3 e5 7.O-O Nc6 8.d5 Ne7
9.Ne1 Nd7 10.Nd3 f5 11.f3 Nf6 12.Be3 f4 13.Bf2 g5 14.g4 fxg3 15.hxg3 Ng6
16.Kg2 h5 17.Be3 Nh7 18.c5 h4 19.g4 Rf7 20.cxd6 cxd6 21.Rc1 Bd7 22.a4 a6
23.Nb1 Nhf8 24.Na3 Be8 25.Nc4 Rc8 26.Nxd6 Qxd6 27.Rxc8 Bd7 28.Rc1 h3+ 29.Kxh3 Nf4+
30.Nxf4 exf4 31.Bd4 Ng6 32.Kg2 Nh4+ 33.Kf2 Bxg4 34.Rg1 Bd7 35.Rxg5 Qh6 36.Rxg7+ Rxg7
37.Bxg7 Qg6 38.Qg1 Kxg7 39.Rc7  1-0

[Event "Ceuta"]
[Site "Ceuta"]
[Date "1993.??.??"]
[Round "5"]
[White "Lalic, Bogdan"]
[Black "Romero Holmes, Alfonso"]
[Result "1/2-1/2"]
[WhiteElo "2520"]
[BlackElo "2440"]

1.Nf3 Nf6 2.c4 d6 3.d4 g6 4.Nc3 Bg7 5.e4 O-O 6.Be2 e5 7.O-O Nc6 8.d5 Ne7
9.Nd2 a5 10.a3 Nd7 11.Rb1 f5 12.b4 Kh8 13.Qc2 Nf6 14.f3 g5 15.c5 Ng6 16.Nc4 axb4
17.axb4 f4 18.b5 g4 19.fxg4 Bxg4 20.b6 Bxe2 21.Qxe2 dxc5 22.bxc7 Qxc7 23.Nb5 Qe7
24.Nbd6 Rab8 25.Rf3 Nh4 26.Rfb3 f3 27.gxf3 Nh5 28.Kh1 b5 29.Nxb5 Qf6 30.Bd2 Bh6
31.Bxh6 Qxh6 32.Qf2 Ng6 33.Ncd6 Qf4 34.Qe3 Qh4 35.Rg1 Qh3 36.Nf5 c4 37.Rbb1 Nh4
38.Nxh4 Qxh4 39.d6 Qf6 40.d7 Rbd8 41.Rbd1 Qxf3+ 42.Qxf3 Rxf3 43.Nd6 Rxd7
44.Nxc4 Rxd1 45.Rxd1  1/2-1/2

[Event "Cheliabinsk"]
[Site "Cheliabinsk"]
[Date "1993.??.??"]
[Round "?"]
[White "Ulibin, Mikhail"]
[Black "Temirbaev, Serik"]
[Result "1-0"]
[WhiteElo "2560"]
[BlackElo "2450"]

1.d4 Nf6 2.c4 g6 3.Nc3 Bg7 4.e4 d6 5.Nf3 O-O 6.Be2 e5 7.O-O Nc6 8.d5 Ne7
9.Nd2 Nd7 10.b4 f5 11.c5 fxe4 12.Ncxe4 Nf5 13.Nf3 Nf6 14.Bg5 h6 15.Bxf6 Bxf6
16.Rc1 Bg7 17.b5 h5 18.Bc4 Bh6 19.Rc3 Ng7 20.Re1 Rf4 21.c6 b6 22.g3 Rf7 23.Qb3 Re7
24.h4 Nf5 25.Bd3 Qf8 26.Bb1 a5 27.Neg5 Bxg5 28.hxg5 Kg7 29.Qc4 Rf7 30.Be4 Ne7
31.Ree3 Bf5 32.Nd2 Qg8 33.Rcd3 Raf8 34.Rf3 Bg4 35.Rxf7+ Qxf7 36.f3 Bc8 37.Nf1 Nf5
38.Kg2 Nd4 39.Rxd4 exd4 40.Qxd4+ Kh7 41.Nd2 Bf5 42.Qd3 Qg7 43.Qe3 Qb2 44.Bxf5 Rxf5
45.Kh3 Qa1 46.g4 Qh1+ 47.Kg3 hxg4 48.fxg4 Re5 49.Qf4 Qxd5 50.Nf3 Re7 51.a4 Qe6
52.Qf6 Qxf6 53.gxf6 Re3 54.Kf4 Rxf3+ 55.Kxf3 g5 56.Ke4 Kg6 57.f7 Kxf7 58.Kf5 Ke7
59.Kxg5 Ke6 60.Kh6 Kf7 61.g5 Kg8 62.Kg6  1-0

[Event "Cherepovets"]
[Site "Cherepovets"]
[Date "1993.??.??"]
[Round "?"]
[White "Zarubin, Pavel"]
[Black "Zaitsev, Igor A"]
[Result "1-0"]
[WhiteElo "2415"]
[BlackElo "2450"]

1.d4 Nf6 2.Nf3 g6 3.c4 Bg7 4.Nc3 O-O 5.e4 d6 6.Be2 e5 7.O-O Nc6 8.d5 Ne7
9.Ne1 Ne8 10.f3 f5 11.g4 h6 12.h4 fxg4 13.fxg4 Rxf1+ 14.Kxf1 Nf6 15.Nd3 Bd7
16.Be3 g5 17.h5 c6 18.Nf2 a6 19.dxc6 Bxc6 20.b4 Be8 21.b5 Bf7 22.Qd2 Rc8
23.bxa6 bxa6 24.Rd1 Bxc4 25.Qxd6 Bxe2+ 26.Nxe2 Qf8 27.Kg2 Rc6 28.Qb4 Qf7
29.Rd2 Rc4 30.Qb8+ Kh7 31.Qb7 Qe6 32.Ng3 Rc3 33.Re2 Kg8 34.Qb4 Rc8 35.Rd2 Bf8
36.Qb3 Qxb3 37.axb3 Rc3 38.Rd3 Rc2 39.Kf3 Nc6 40.Nf5 Kf7 41.Nd1 a5 42.Rc3 Rxc3
43.Nxc3 Ke6 44.Na4 Nd7 45.Nb6 Nd8 46.Nc4 Nb7 47.Bd2 Ndc5 48.Bxa5 Nxb3 49.Bc3 N7c5
50.Bxe5 Nd2+ 51.Nxd2 Kxe5 52.Nc4+ Kf6 53.Ke3 Nd7 54.Kd4 Ke6 55.e5 Nc5 56.Nxh6 Nb3+
57.Kc3 Nc5 58.Na5 Kxe5 59.Nf5  1-0